Estadísticas para Municipios más poblados de Castilla y León

Haz click aquí para intentar la prueba.

Estadísticas generales

  • Esta prueba ha sido intentada 609 veces
    (409 desde el último reinicio)
  • La puntuación promedio es 15 de 30

Estadísticas de respuestas

PoblaciónCiudad% Correcto
298.866Valladolid
99%
124.772León
96%
143.978Salamanca
96%
39.112Soria
96%
175.921Burgos
95%
78.629Palencia
94%
57.657Ávila
92%
51.683Segovia
92%
61.827Zamora
91%
65.239Ponferrada
70%
32.543Aranda de Duero
63%
35.447Miranda de Ebro
59%
20.183Medina del Campo
56%
10.392Astorga
48%
17.376Benavente
45%
8.664Tordesillas
45%
11.973Ciudad Rodrigo
40%
8.448Toro
39%
12.099Béjar
24%
22.642Laguna de Duero
24%
9.588Cuéllar
20%
10.024La Bañeza
20%
21.369Arroyo de la Encomienda
18%
29.888San Andrés del Rabanedo
17%
14.661Santa Marta de Tormes
14%
9.662El Espinar
11%
18.589Villaquilambre
11%
9.129Cistérniga
7%
8.279Bembibre
6%
8.636Tudela de Duero
4%

Distribución de puntuación

Porcentaje por número respondido

Porcentaje de gente con cada puntuación

Historial de tus puntuaciones

No has intentado esta prueba desde el último reinicio